| 000 | 00621nam a2200217Ia 4500 | ||
|---|---|---|---|
| 005 | 20250508164634.0 | ||
| 008 | 008 250505s9999 xx 000 0 eng d | ||
| 020 | _a978-81-88689-65-1 | ||
| 037 | _aTextual | ||
| 040 |
_aFEDL _beng _cFEDL |
||
| 041 |
_aeng _2eng |
||
| 084 |
_aB, KUH _qFEDL |
||
| 100 | _aFuller Steve | ||
| 245 | 0 | _aThomas Kuhn : A philosophical history for our times | |
| 260 |
_aNew Delhi, India _bOrient Longman Private Limited _c2005 |
||
| 300 | _axxxii,472p. | ||
| 365 |
_aINR _b445 |
||
| 650 |
_aBiography - Kuhn _9778700 |
||
| 942 |
_cTEXL _hB, KUH |
||
| 999 |
_c1390279 _d1390279 |
||